000 01100nam a2200301 a 4500
005 20150214094811.0
008 140220b1987 -Us||||| |||| 00| 0 eng d
020 _a0942635124
040 _aCO-BoIAVH
_cCO-BoIAVH
041 _aspa
044 _ack
082 0 4 _a639.9091
_bO66m
090 _aLB
_b00310
111 2 _aForo Latinoamericano de Biodiversidad
_cSanta Marta
_d96
_932981
245 1 _aManual de técnicas de gestión de vida silvestre/
_ceditado por Rubén Rodríguez Tarés: traducido al español por Braulio Orejas Miranda y Alfredo Fontes Riganti
250 _a4 ed.
260 _aWashington:
_bWWF International,
_c1987.
300 _a703 p.
650 4 _aVida silvestre
_932982
650 6 _aMetodologías científicas
_97264
650 _aEcología de poblaciones
_93557
650 6 _aGestión ambiental
_932983
650 4 _aFauna silvestre
_vguías, manuales.
_xconservación
_932984
700 1 _aRodríguez Tarrés, Rubén
_eeditor
_97356
700 1 _aOrejas Miranda, Braulio
_etraductor
_932985
700 1 _aFontes Riganti, Alfredo
_etraductor
_932986
942 _cLIBRO
_2ddc
999 _c330
_d330